[Event "Aarhus Sommer B"]
[Site "Aarhus"]
[Date "2009.07.16"]
[Round "9"]
[White "Nielsen, Lars Aaes"]
[Black "Svane, Henrik"]
[Result "1/2-1/2"]
[WhiteElo "2233"]
[BlackElo "2113"]
[PlyCount "81"]
[EventDate "2009.07.08"]
[EventType "tourn"]
[EventRounds "9"]
[EventCountry "DEN"]
[SourceTitle "CBM 131 Extra"]
[Source "ChessBase"]
[SourceDate "2009.09.03"]

1. e4 e6 2. d4 d5 3. Nc3 Bb4 4. e5 b6 5. a3 Bf8 6. Nh3 Qd7 7. Nf4 Nc6 8. Be3
Nge7 9. Bd3 Bb7 10. Nh5 Nf5 11. g4 Nfxd4 12. Bf1 Bc5 13. b4 Nxc2+ 14. Qxc2 Bxe3
15. fxe3 Nxe5 16. Bb5 c6 17. Be2 O-O 18. O-O-O Qe7 19. Na4 c5 20. b5 Qg5 21.
Nf4 Ng6 22. h4 Qe5 23. Nxg6 Qxe3+ 24. Kb2 fxg6 25. Rhf1 Rxf1 26. Rxf1 Rf8 27.
Rxf8+ Kxf8 28. Nc3 d4 29. Nd1 Qe5 30. Bc4 Bd5 31. Bxd5 Qxd5 32. Qd2 c4 33. Qf4+
Ke7 34. Qc7+ Kf6 35. g5+ Kf5 36. Qf7+ Kg4 37. Qf1 c3+ 38. Kc1 Qf3 39. Qg1+ Kxh4
40. Qxd4+ Kxg5 41. Ne3 1/2-1/2

[Event "Aarhus Sommer B"]
[Site "Aarhus"]
[Date "2009.07.11"]
[Round "4"]
[White "Nielsen, Lars Aaes"]
[Black "Rossen, Claus"]
[Result "1-0"]
[WhiteElo "2233"]
[BlackElo "2188"]
[PlyCount "83"]
[EventDate "2009.07.08"]
[EventType "tourn"]
[EventRounds "9"]
[EventCountry "DEN"]
[SourceTitle "CBM 131 Extra"]
[Source "ChessBase"]
[SourceDate "2009.09.03"]

1. e4 d6 2. d4 Nf6 3. Nc3 g6 4. Be2 Bg7 5. Be3 c6 6. g4 Qa5 7. f3 h5 8. g5 Nfd7
9. Qd2 c5 10. Nb5 Qxd2+ 11. Kxd2 cxd4 12. Bxd4 Bxd4 13. Nxd4 Nc6 14. Nb5 O-O
15. Nc7 Rb8 16. Nd5 e6 17. Ne3 Rd8 18. Rd1 b5 19. Kc1 Nc5 20. Nh3 e5 21. Nf2
Nd4 22. Rd2 Be6 23. c3 Bxa2 24. cxd4 Nb3+ 25. Kd1 Nxd2 26. Kxd2 exd4 27. Nc2
Bc4 28. Nxd4 Rd7 29. Ra1 Kg7 30. Nd3 f6 31. h4 fxg5 32. hxg5 Rf7 33. Nb4 Rbb7
34. b3 Bxe2 35. Kxe2 Kg8 36. Nd5 Rb8 37. Ra6 Rd8 38. Nxb5 Rb7 39. Nd4 Kh8 40.
b4 Rf7 41. Ne6 Rc8 42. Rxd6 1-0

[Event "Aarhus Sommer B"]
[Site "Aarhus"]
[Date "2009.07.16"]
[Round "9"]
[White "Repka, Christopher"]
[Black "Rewitz, Poul"]
[Result "0-1"]
[WhiteElo "1860"]
[BlackElo "2234"]
[PlyCount "176"]
[EventDate "2009.07.08"]
[EventType "tourn"]
[EventRounds "9"]
[EventCountry "DEN"]
[SourceTitle "CBM 131 Extra"]
[Source "ChessBase"]
[SourceDate "2009.09.03"]

1. Nf3 d5 2. d4 Nf6 3. Bf4 c6 4. e3 Qb6 5. b3 Bg4 6. Bd3 e6 7. O-O Nbd7 8. h3
Bh5 9. c3 Ne4 10. Qc2 Bxf3 11. gxf3 Nef6 12. Nd2 Be7 13. Kh1 Nh5 14. Bh2 g6 15.
Rg1 O-O 16. Rg2 c5 17. Rag1 Ng7 18. Bf4 cxd4 19. cxd4 Rfc8 20. Qb1 Nf8 21. Be5
Rc3 22. f4 f5 23. Rc1 Rac8 24. Rgg1 Ba3 25. Nc4 Rxc1 26. Nxb6 axb6 27. Rxc1
Rxc1+ 28. Qxc1 Bxc1 29. Bc7 Ba3 30. Bxb6 Kf7 31. Ba5 Nd7 32. Bc3 Ne8 33. Kg2
Nd6 34. f3 Nb8 35. Kf2 Nc6 36. Ke2 Ke7 37. Bd2 Kd7 38. Kf2 Na7 39. Ke2 Kc6 40.
Kd1 Kb6 41. Kc2 Nc6 42. Kb1 Nb4 43. Be2 Nb5 44. Bf1 Nc6 45. Bd3 Bb4 46. Bc1
Na3+ 47. Kb2 Ka5 48. Bf1 Na7 49. e4 N7b5 50. Be3 Bc3+ 51. Kc1 Kb4 52. exd5 exd5
53. Bf2 Bxd4 54. Be1+ Bc3 55. Bh4 Bd4 56. Be1+ Kc5 57. Bh4 Be3+ 58. Kb2 Bxf4
59. Be7+ Bd6 60. Bf6 Kb4 61. Bg5 Be5+ 62. Kc1 f4 63. Bh4 h6 64. Bf2 Bd4 65.
Be1+ Kc5 66. Bh4 g5 67. Be1 Nc3 68. b4+ Kxb4 69. Kb2 Nc4+ 70. Kc1 Be3+ 71. Kc2
d4 72. Bd3 Na3+ 73. Kb2 Nab5 74. h4 Kc5 75. Kb3 Nd5 76. hxg5 hxg5 77. Bf5 Nd6
78. Bd3 Nf7 79. Be4 Ne5 80. Kc2 Kc4 81. Ba5 d3+ 82. Kd1 b6 83. Be1 Nc3+ 84.
Bxc3 Kxc3 85. a4 Nc4 86. a5 Bd2 87. Bxd3 Kxd3 88. a6 Ne3# 0-1

[Event "Aarhus Sommer B"]
[Site "Aarhus"]
[Date "2009.07.09"]
[Round "2"]
[White "Repka, Christopher"]
[Black "Bonnelykke, Ole"]
[Result "0-1"]
[WhiteElo "1860"]
[BlackElo "2081"]
[PlyCount "62"]
[EventDate "2009.07.08"]
[EventType "tourn"]
[EventRounds "9"]
[EventCountry "DEN"]
[SourceTitle "CBM 131 Extra"]
[Source "ChessBase"]
[SourceDate "2009.09.03"]

1. Nf3 f5 2. d4 Nf6 3. Bf4 e6 4. e3 d5 5. c4 c6 6. Nc3 Be7 7. Bd3 O-O 8. O-O
Ne4 9. h3 Bd7 10. Ne5 Bg5 11. Re1 Be8 12. cxd5 cxd5 13. Qb3 Bxf4 14. exf4 Nc6
15. Nxc6 bxc6 16. g3 Qf6 17. Rad1 Bh5 18. Be2 Qh6 19. Kg2 g5 20. Bxh5 Qxh5 21.
Ne2 Kh8 22. Qb7 Rab8 23. Qe7 Rfe8 24. Qa3 Qg6 25. Rd3 h5 26. Rb3 h4 27. fxg5
Qxg5 28. Re3 hxg3 29. fxg3 Rg8 30. Rf3 Qd2 31. Rf4 Rxg3+ 0-1

[Event "Aarhus Sommer B"]
[Site "Aarhus"]
[Date "2009.07.12"]
[Round "5"]
[White "Repka, Christopher"]
[Black "Nielsen, Lars Aaes"]
[Result "0-1"]
[WhiteElo "1860"]
[BlackElo "2233"]
[PlyCount "134"]
[EventDate "2009.07.08"]
[EventType "tourn"]
[EventRounds "9"]
[EventCountry "DEN"]
[SourceTitle "CBM 131 Extra"]
[Source "ChessBase"]
[SourceDate "2009.09.03"]

1. Nf3 b6 2. d4 e6 3. Bf4 Ba6 4. Nbd2 d5 5. c3 Bd6 6. Bxd6 Qxd6 7. e3 Bxf1 8.
Nxf1 Nf6 9. N1d2 O-O 10. O-O Nbd7 11. Re1 Ne4 12. Nxe4 dxe4 13. Nd2 f5 14. f4
exf3 15. Qxf3 c5 16. Nc4 Qd5 17. Nd2 Rac8 18. e4 fxe4 19. Qxe4 cxd4 20. cxd4
Qxe4 21. Nxe4 Rc2 22. Rab1 Nf6 23. Ng3 Ng4 24. Re2 Rf2 25. h3 Rfxe2 26. Nxe2
Rxe2 27. hxg4 Rd2 28. Rc1 Rxd4 29. Rc8+ Kf7 30. Rc7+ Kg6 31. Rxa7 Rxg4 32. a3
Rg3 33. b4 h5 34. Ra6 Kf6 35. a4 Ra3 36. a5 bxa5 37. Rxa5 Rb3 38. Rxh5 Rxb4 39.
Ra5 Rb2 40. Kh2 e5 41. Kg3 Kf5 42. Kf3 Rb3+ 43. Kf2 Kf4 44. Ra4+ e4 45. g3+
Rxg3 46. Rxe4+ Kxe4 47. Kxg3 Kf5 48. Kh4 Kf4 49. Kh3 g5 50. Kg2 Kg4 51. Kh2 Kf3
52. Kh3 g4+ 53. Kh2 Kf2 54. Kh1 Kg3 55. Kg1 Kh3 56. Kh1 g3 57. Kg1 g2 58. Kf2
Kh2 59. Kf3 g1=Q 60. Kf4 Qd4+ 61. Kg5 Kg3 62. Kh5 Qd5+ 63. Kh6 Kg4 64. Kh7 Qc6
65. Kg7 Kg5 66. Kf8 Qc7 67. Kg8 Kg6 0-1

[Event "Aarhus Sommer B"]
[Site "Aarhus"]
[Date "2009.07.14"]
[Round "7"]
[White "Repka, Christopher"]
[Black "Grove, Peter"]
[Result "0-1"]
[WhiteElo "1860"]
[BlackElo "2149"]
[PlyCount "80"]
[EventDate "2009.07.08"]
[EventType "tourn"]
[EventRounds "9"]
[EventCountry "DEN"]
[SourceTitle "CBM 131 Extra"]
[Source "ChessBase"]
[SourceDate "2009.09.03"]

1. Nf3 Nf6 2. d4 c5 3. Nc3 cxd4 4. Qxd4 Nc6 5. Qa4 d6 6. e4 Bd7 7. Bc4 e6 8.
Bb5 a6 9. Bxc6 Bxc6 10. Qd4 h6 11. O-O Be7 12. Be3 O-O 13. h3 b5 14. Rad1 Qb8
15. e5 Bxf3 16. exf6 Bxf6 17. Qd2 Bxd1 18. Rxd1 d5 19. Qc1 Qc7 20. Rd3 Rac8 21.
a3 Rfd8 22. Qd2 Kh7 23. Kh1 Qc4 24. Bd4 Bxd4 25. Rxd4 Qc7 26. Rg4 Qe5 27. Rd4
Rc4 28. Ne2 Qf6 29. Kg1 Rxd4 30. Nxd4 e5 31. Nf3 Qe6 32. Qe3 d4 33. Qe4+ f5 34.
Qh4 Qd6 35. Qh5 Qf6 36. g4 e4 37. g5 Qg6 38. Qxg6+ Kxg6 39. Ne5+ Kh7 40. gxh6
gxh6 0-1

[Event "Aarhus Sommer B"]
[Site "Aarhus"]
[Date "2009.07.08"]
[Round "1"]
[White "Rewitz, Poul"]
[Black "Nielsen, Lars Aaes"]
[Result "0-1"]
[WhiteElo "2234"]
[BlackElo "2233"]
[PlyCount "44"]
[EventDate "2009.07.08"]
[EventType "tourn"]
[EventRounds "9"]
[EventCountry "DEN"]
[SourceTitle "CBM 131 Extra"]
[Source "ChessBase"]
[SourceDate "2009.09.03"]

1. d4 e6 2. c4 b6 3. e4 Bb7 4. Bd3 f5 5. Nc3 Bb4 6. d5 fxe4 7. Bxe4 Qh4 8. Qd4
Nf6 9. g4 Qxg4 10. f3 Qg2 11. Bf4 Nxe4 12. fxe4 Qxh1 13. O-O-O Qg2 14. dxe6 d6
15. Nd5 Na6 16. e5 Bc5 17. Qd3 Bxd5 18. cxd5 O-O 19. Nh3 Nb4 20. Qb3 Qe4 21. a3
Rxf4 22. Nxf4 Be3+ 0-1

[Event "Aarhus Sommer B"]
[Site "Aarhus"]
[Date "2009.07.15"]
[Round "8"]
[White "Rewitz, Poul"]
[Black "Rossen, Claus"]
[Result "1-0"]
[WhiteElo "2234"]
[BlackElo "2188"]
[PlyCount "140"]
[EventDate "2009.07.08"]
[EventType "tourn"]
[EventRounds "9"]
[EventCountry "DEN"]
[SourceTitle "CBM 131 Extra"]
[Source "ChessBase"]
[SourceDate "2009.09.03"]

1. d4 Nf6 2. c4 g6 3. Nc3 d5 4. cxd5 Nxd5 5. Na4 Bg7 6. e4 Nb6 7. Nf3 Bg4 8.
Be3 Nxa4 9. Qxa4+ Qd7 10. Bb5 c6 11. Be2 O-O 12. O-O b5 13. Qb4 a5 14. Qd2 Rd8
15. Rfd1 Qb7 16. Qc2 Na6 17. Rac1 Rac8 18. h3 Be6 19. b3 Nb4 20. Qb1 h6 21. Bd2
Qb6 22. Be3 Qb7 23. Ne1 Kh7 24. Bg4 Bxg4 25. hxg4 Qd7 26. a3 Na6 27. f3 Qd6 28.
Nc2 Nc7 29. Kf2 Ne6 30. g3 Kg8 31. Rd2 Ng5 32. Rh1 Qf6 33. Ne1 e5 34. dxe5
Rxd2+ 35. Bxd2 Qxe5 36. Nd3 Qf6 37. Nf4 Rd8 38. Bxa5 Qd4+ 39. Kg2 Rd7 40. Re1
Qd6 41. Qc1 c5 42. Bc3 Bxc3 43. Qxc3 b4 44. axb4 cxb4 45. Qc8+ Rd8 46. Qc4 Qd2+
47. Re2 Qc3 48. Qxc3 bxc3 49. Nd5 Rb8 50. b4 Ra8 51. Rc2 Ra3 52. Kf2 Rb3 53.
Ke3 Kg7 54. f4 Ne6 55. Kd3 Rb1 56. Rxc3 Rd1+ 57. Ke2 Rh1 58. Rd3 Rb1 59. Kd2
Kf8 60. Kc2 Re1 61. e5 Re4 62. Ra3 Re2+ 63. Kd3 Rg2 64. Kc4 Re2 65. Ra8+ Kg7
66. Nf6 Nf8 67. b5 Rb2 68. Rb8 g5 69. b6 gxf4 70. gxf4 Rf2 1-0

[Event "Aarhus Sommer B"]
[Site "Aarhus"]
[Date "2009.07.12"]
[Round "5"]
[White "Rewitz, Poul"]
[Black "Andersen, Lars Ren"]
[Result "1-0"]
[WhiteElo "2234"]
[BlackElo "2117"]
[PlyCount "37"]
[EventDate "2009.07.08"]
[EventType "tourn"]
[EventRounds "9"]
[EventCountry "DEN"]
[SourceTitle "CBM 131 Extra"]
[Source "ChessBase"]
[SourceDate "2009.09.03"]

1. d4 Nf6 2. c4 e6 3. Nc3 Bb4 4. Qc2 c5 5. dxc5 Bxc5 6. Nf3 Be7 7. g3 b6 8. Bg2
Bb7 9. O-O d6 10. Rd1 O-O 11. Bf4 a6 12. e4 Qc7 13. e5 dxe5 14. Bxe5 Qc8 15.
Ng5 g6 16. Nge4 Nbd7 17. Bd6 Nxe4 18. Nxe4 Qd8 19. Bxe7 1-0

[Event "Aarhus Sommer B"]
[Site "Aarhus"]
[Date "2009.07.13"]
[Round "6"]
[White "Rewitz, Poul"]
[Black "Fredericia, Louise Winther"]
[Result "1-0"]
[WhiteElo "2234"]
[BlackElo "2090"]
[PlyCount "65"]
[EventDate "2009.07.08"]
[EventType "tourn"]
[EventRounds "9"]
[EventCountry "DEN"]
[SourceTitle "CBM 131 Extra"]
[Source "ChessBase"]
[SourceDate "2009.09.03"]

1. d4 d5 2. c4 e6 3. Nc3 Nf6 4. Nf3 Be7 5. Bg5 Nbd7 6. e3 O-O 7. cxd5 exd5 8.
Bd3 Re8 9. O-O Nf8 10. Qc2 c6 11. a3 Ne4 12. Bxe4 Bxg5 13. Bf5 Bf6 14. Na4 Bxf5
15. Qxf5 Qd6 16. Rab1 b6 17. Rfc1 Re6 18. Nc3 Rae8 19. b4 Ng6 20. a4 Bd8 21. b5
Rf6 22. Qh5 Ne7 23. bxc6 Rf5 24. Nb5 Qf6 25. Qh3 Nc8 26. Nh4 Rxf2 27. Nf3 Rxf3
28. Qxf3 Qxf3 29. gxf3 Rxe3 30. c7 Bg5 31. Nxa7 Re8 32. Nxc8 Rxc8 33. Rxb6 1-0

[Event "Aarhus Sommer B"]
[Site "Aarhus"]
[Date "2009.07.12"]
[Round "5"]
[White "Rossen, Claus"]
[Black "Andersen, Alf Roger"]
[Result "1/2-1/2"]
[WhiteElo "2188"]
[BlackElo "2238"]
[PlyCount "103"]
[EventDate "2009.07.08"]
[EventType "tourn"]
[EventRounds "9"]
[EventCountry "DEN"]
[SourceTitle "CBM 131 Extra"]
[Source "ChessBase"]
[SourceDate "2009.09.03"]

1. d4 f5 2. e4 fxe4 3. Nc3 Nf6 4. Bg5 Nc6 5. f3 d5 6. Bb5 Bf5 7. Qd2 e6 8. fxe4
dxe4 9. Nge2 Be7 10. O-O O-O 11. Rad1 Nd5 12. Bxe7 Ncxe7 13. Bc4 e3 14. Qc1 c6
15. Rf3 Qd6 16. Bxd5 Nxd5 17. Nxd5 exd5 18. Rxe3 Be4 19. Ng3 Rae8 20. Nxe4 dxe4
21. c4 Rf4 22. d5 cxd5 23. Rxd5 Qf6 24. h3 Rf8 25. Rd1 Rf2 26. Qc3 Rxb2 27.
Qxf6 Rxf6 28. Rxe4 h5 29. Rd8+ Kh7 30. Re5 Rxa2 31. Rxh5+ Kg6 32. Rh4 Kf5 33.
Rd5+ Kg6 34. Rg4+ Kh6 35. Rd7 Rg6 36. Rxg6+ Kxg6 37. Rxb7 Rc2 38. Rxa7 Rxc4 39.
Ra5 Rc7 40. Kh2 Rc3 41. h4 Kh6 42. g3 g6 43. Re5 Ra3 44. Kg2 Rb3 45. g4 Ra3 46.
Re6 Ra4 47. Kf3 Ra3+ 48. Kf4 Ra4+ 49. Re4 Ra1 50. Ke5 Ra5+ 51. Kf6 Ra6+ 52. Ke5
1/2-1/2

[Event "Aarhus Sommer B"]
[Site "Aarhus"]
[Date "2009.07.14"]
[Round "7"]
[White "Rossen, Claus"]
[Black "Svane, Henrik"]
[Result "1/2-1/2"]
[WhiteElo "2188"]
[BlackElo "2113"]
[PlyCount "49"]
[EventDate "2009.07.08"]
[EventType "tourn"]
[EventRounds "9"]
[EventCountry "DEN"]
[SourceTitle "CBM 131 Extra"]
[Source "ChessBase"]
[SourceDate "2009.09.03"]

1. d4 d5 2. Nf3 Nf6 3. c4 dxc4 4. e3 e6 5. Bxc4 c5 6. O-O a6 7. Nc3 b5 8. Be2
Bb7 9. Ne5 Nbd7 10. Bf3 Bxf3 11. Nxf3 cxd4 12. exd4 Be7 13. Re1 O-O 14. b3 Bb4
15. Bd2 Rc8 16. Rc1 Bxc3 17. Bxc3 Nd5 18. Bb2 Qa5 19. a3 Rc7 20. Rxc7 Qxc7 21.
Qd2 Rc8 22. Rc1 Qb7 23. Ne5 Rxc1+ 24. Qxc1 Nxe5 25. dxe5 1/2-1/2

[Event "Aarhus Sommer B"]
[Site "Aarhus"]
[Date "2009.07.10"]
[Round "3"]
[White "Rossen, Claus"]
[Black "Repka, Christopher"]
[Result "1-0"]
[WhiteElo "2188"]
[BlackElo "1860"]
[PlyCount "35"]
[EventDate "2009.07.08"]
[EventType "tourn"]
[EventRounds "9"]
[EventCountry "DEN"]
[SourceTitle "CBM 131 Extra"]
[Source "ChessBase"]
[SourceDate "2009.09.03"]

1. e4 Nc6 2. Nc3 e5 3. Bc4 Bc5 4. Qg4 g6 5. Qg3 d6 6. Nge2 Be6 7. Nd5 Nf6 8. d3
Bxd5 9. exd5 Nb4 10. Bb3 h6 11. Nc3 c6 12. dxc6 Nxc6 13. O-O Qd7 14. Qh4 Qf5
15. Be3 Nd4 16. Bxd4 Bxd4 17. Nb5 g5 18. Qxd4 1-0

[Event "Aarhus Sommer B"]
[Site "Aarhus"]
[Date "2009.07.16"]
[Round "9"]
[White "Rossen, Claus"]
[Black "Fredericia, Louise Winther"]
[Result "1-0"]
[WhiteElo "2188"]
[BlackElo "2090"]
[PlyCount "81"]
[EventDate "2009.07.08"]
[EventType "tourn"]
[EventRounds "9"]
[EventCountry "DEN"]
[SourceTitle "CBM 131 Extra"]
[Source "ChessBase"]
[SourceDate "2009.09.03"]

1. e4 c5 2. Nf3 Nc6 3. d4 cxd4 4. Nxd4 g6 5. c4 Bg7 6. Nc2 Nf6 7. Nc3 d6 8. Be2
O-O 9. O-O Nd7 10. Kh1 a5 11. Qe1 Nc5 12. f3 Be6 13. Be3 Rc8 14. Rd1 Qc7 15.
Nd5 Qb8 16. b3 b6 17. Qh4 Rce8 18. Bh6 f5 19. Bxg7 Kxg7 20. exf5 Bxf5 21. Nce3
e6 22. Nc3 e5 23. Nb5 Rd8 24. f4 Ne6 25. fxe5 dxe5 26. Bg4 Bxg4 27. Nxg4 Rxd1
28. Rxd1 Qe8 29. Nd6 Qe7 30. Qxe7+ Nxe7 31. Nxe5 Rf2 32. a3 Nf4 33. g3 Nh5 34.
Ng4 Rb2 35. Rf1 Nc6 36. Rf7+ Kh8 37. Ne8 Rb1+ 38. Kg2 Rb2+ 39. Kh3 h6 40. Ngf6
Nxf6 41. Nxf6 1-0

[Event "Aarhus Sommer B"]
[Site "Aarhus"]
[Date "2009.07.08"]
[Round "1"]
[White "Svane, Henrik"]
[Black "Andersen, Alf Roger"]
[Result "0-1"]
[WhiteElo "2113"]
[BlackElo "2238"]
[PlyCount "78"]
[EventDate "2009.07.08"]
[EventType "tourn"]
[EventRounds "9"]
[EventCountry "DEN"]
[SourceTitle "CBM 131 Extra"]
[Source "ChessBase"]
[SourceDate "2009.09.03"]

1. d4 f5 2. g3 Nf6 3. Bg2 g6 4. Nf3 Bg7 5. O-O d6 6. c4 O-O 7. Nc3 Qe8 8. Re1
Qf7 9. b3 Ne4 10. Bb2 Nc6 11. Rc1 Bd7 12. d5 Ne5 13. Nd4 Ng4 14. Nxe4 fxe4 15.
f4 Ne3 16. Qd2 Nxg2 17. Kxg2 c5 18. dxc6 bxc6 19. e3 g5 20. Rf1 c5 21. Nb5 Bxb2
22. Qxb2 Qh5 23. Kg1 Bh3 24. Rf2 gxf4 25. gxf4 Kf7 26. Qd2 Rg8+ 27. Kh1 Bg4 28.
Qd5+ Qxd5 29. cxd5 Bf3+ 30. Rxf3 exf3 31. Nc7 Rab8 32. Ne6 Rg2 33. Ng5+ Kg6 34.
Nxf3 Rxa2 35. e4 Rxb3 36. Rg1+ Kf7 37. Ng5+ Ke8 38. Ne6 Kd7 39. e5 Rbb2 0-1

[Event "Aarhus Sommer B"]
[Site "Aarhus"]
[Date "2009.07.11"]
[Round "4"]
[White "Svane, Henrik"]
[Black "Rewitz, Poul"]
[Result "0-1"]
[WhiteElo "2113"]
[BlackElo "2234"]
[PlyCount "86"]
[EventDate "2009.07.08"]
[EventType "tourn"]
[EventRounds "9"]
[EventCountry "DEN"]
[SourceTitle "CBM 131 Extra"]
[Source "ChessBase"]
[SourceDate "2009.09.03"]

1. d4 d5 2. c4 e6 3. Nc3 c6 4. e4 dxe4 5. Nxe4 Bb4+ 6. Bd2 Be7 7. Nf3 Nf6 8.
Ng3 O-O 9. Bc3 Nbd7 10. Bd3 b6 11. O-O Bb7 12. Qe2 Re8 13. Rad1 Qc7 14. Ne5
Rad8 15. Nh5 Nf8 16. f4 c5 17. Nxf6+ Bxf6 18. dxc5 Qxc5+ 19. Kh1 Rd6 20. a3 Qc7
21. b4 Red8 22. c5 bxc5 23. bxc5 Rd5 24. c6 Bxe5 25. Bxe5 Qxc6 26. Be4 f6 27.
Bxd5 Rxd5 28. Rxd5 exd5 29. Bb2 Ba6 30. Qf3 Bxf1 31. Qxf1 Qc4 32. Qxc4 dxc4 33.
f5 Kf7 34. Kg1 Ke7 35. Kf2 Kd6 36. Ke3 Kd5 37. g4 Nd7 38. g5 fxg5 39. Bxg7 Ne5
40. h3 h5 41. Bh6 g4 42. Kf4 gxh3 43. Kg3 h2 0-1

[Event "Aarhus Sommer B"]
[Site "Aarhus"]
[Date "2009.07.10"]
[Round "3"]
[White "Svane, Henrik"]
[Black "Andersen, Lars Ren"]
[Result "1/2-1/2"]
[WhiteElo "2113"]
[BlackElo "2117"]
[PlyCount "34"]
[EventDate "2009.07.08"]
[EventType "tourn"]
[EventRounds "9"]
[EventCountry "DEN"]
[SourceTitle "CBM 131 Extra"]
[Source "ChessBase"]
[SourceDate "2009.09.03"]

1. d4 Nf6 2. c4 g6 3. Nc3 Bg7 4. e4 d6 5. Nf3 O-O 6. Be2 c6 7. O-O Nbd7 8. Re1
e5 9. Bf1 exd4 10. Nxd4 Re8 11. Rb1 Nc5 12. f3 a5 13. b3 h6 14. Be3 Qc7 15. Qd2
Kh7 16. Rbd1 Bf8 17. Qf2 Bg7 1/2-1/2

[Event "Aarhus Sommer B"]
[Site "Aarhus"]
[Date "2009.07.15"]
[Round "8"]
[White "Svane, Henrik"]
[Black "Repka, Christopher"]
[Result "1-0"]
[WhiteElo "2113"]
[BlackElo "1860"]
[PlyCount "103"]
[EventDate "2009.07.08"]
[EventType "tourn"]
[EventRounds "9"]
[EventCountry "DEN"]
[SourceTitle "CBM 131 Extra"]
[Source "ChessBase"]
[SourceDate "2009.09.03"]

1. d4 d5 2. c4 Nc6 3. Nf3 Bg4 4. e3 e6 5. Nc3 Nf6 6. Bd3 Be7 7. a3 O-O 8. O-O
dxc4 9. Bxc4 e5 10. d5 Na5 11. Be2 e4 12. Nd2 Bxe2 13. Qxe2 Nxd5 14. Ndxe4 Nf6
15. b4 Nxe4 16. Nxe4 Nb3 17. Rb1 Nxc1 18. Rfxc1 Bd6 19. h3 Re8 20. Nxd6 Qxd6
21. Qb5 Rab8 22. Rd1 Qe5 23. Qxe5 Rxe5 24. Rd7 c6 25. Rbd1 Ree8 26. Rc7 Rec8
27. Rxc8+ Rxc8 28. Rd7 Rb8 29. e4 Kf8 30. f3 Ke8 31. Rc7 Kf8 32. Kf2 Ke8 33.
Ke3 h6 34. f4 Kf8 35. e5 Kg8 36. Ke4 a5 37. f5 axb4 38. axb4 Ra8 39. Rxb7 Ra1
40. Rb8+ Kh7 41. g4 Re1+ 42. Kd4 Rh1 43. e6 fxe6 44. fxe6 Re1 45. Re8 Kg6 46.
Kc5 Re4 47. Rc8 Re5+ 48. Kd6 Re4 49. e7 Kf7 50. Rf8+ Kg6 51. e8=Q+ Rxe8 52.
Rxe8 1-0

[Event "Aarhus Sommer B"]
[Site "Aarhus"]
[Date "2009.07.13"]
[Round "6"]
[White "Svane, Henrik"]
[Black "Bonnelykke, Ole"]
[Result "0-1"]
[WhiteElo "2113"]
[BlackElo "2081"]
[PlyCount "80"]
[EventDate "2009.07.08"]
[EventType "tourn"]
[EventRounds "9"]
[EventCountry "DEN"]
[SourceTitle "CBM 131 Extra"]
[Source "ChessBase"]
[SourceDate "2009.09.03"]

1. d4 d5 2. c4 e6 3. Nc3 f5 4. Bf4 c6 5. e3 Nf6 6. Bd3 Be7 7. Nf3 O-O 8. O-O
Ne4 9. Bxe4 fxe4 10. Ne5 Nd7 11. f3 exf3 12. Rxf3 Bf6 13. Qe2 Bxe5 14. Bxe5
Rxf3 15. Qxf3 Nxe5 16. dxe5 Qe7 17. Rf1 Bd7 18. c5 b6 19. b4 bxc5 20. bxc5 Bc8
21. Ne2 Ba6 22. Rc1 Bxe2 23. Qxe2 Qg5 24. Rf1 Qxe5 25. Qf3 Qc7 26. Qg4 Qe7 27.
h4 Re8 28. h5 Qxc5 29. Rf3 Qe7 30. h6 g6 31. Qa4 c5 32. Qc6 Rd8 33. Rf1 d4 34.
exd4 cxd4 35. Rb1 d3 36. Rb7 d2 37. Rxe7 d1=Q+ 38. Kh2 Qh5+ 39. Kg1 Rd1+ 40.
Kf2 Qh4+ 0-1